|
|
|
|
| LEADER |
01339ppm a22003378a 4500 |
| 001 |
00036679 |
| 008 |
170315s2015 ||||||Viesd |
| 005 |
20171026081025.0 |
| 041 |
0 |
# |
|a Vie
|
| 082 |
1 |
4 |
|a 335.434 6
|b V121D
|
| 100 |
1 |
# |
|a Nguyễn, Văn Tấn
|
| 245 |
0 |
0 |
|a Vận dụng tư tưởng Hồ Chí Minh về đạo đức trong giáo dục đạo đức cho học sinh Trung học Phổ thông tỉnh An Giang trong giai đoạn hiện nay
|b Luận văn thạc Khoa học chính trị. Chuyên ngành:Chính trị học . Mã số: 60 31 0201
|c Nguyễn Văn Tấn;Đoàn Minh Duệ (hướng dẫn)
|
| 260 |
# |
# |
|a Nghệ An
|b Đại học Vinh
|c 2015
|
| 300 |
# |
# |
|a 92tr.
|c 30cm.
|
| 500 |
# |
# |
|a ĐTTTS ghi: Bộ giáo dục và đào tạo. Đại học Vinh
|
| 653 |
# |
# |
|a Chính trị
|
| 653 |
# |
# |
|a An Giang
|
| 653 |
# |
# |
|a Giáo dục
|
| 653 |
# |
# |
|a Đạo đức
|
| 653 |
# |
# |
|a Tư tưởng Hồ Chí Minh
|
| 653 |
# |
# |
|a THPT
|
| 653 |
# |
# |
|a Học sinh
|
| 653 |
# |
# |
|a Luận văn
|
| 700 |
1 |
# |
|a Đoàn Minh Duệ
|e Hướng dẫn
|
| 852 |
# |
# |
|b Kho đọc SĐH
|j LV.0001005
|
| 852 |
# |
# |
|j LV.0001005
|
| 910 |
|
|
|d 15/03/2017
|
| 980 |
# |
# |
|a Trung tâm Học liệu Lê Vũ Hùng, Trường Đại học Đồng Tháp
|